| 000 | 00428nam a22001457a 4500 | ||
|---|---|---|---|
| 999 |
_c39597 _d39597 |
||
| 082 | _aRQ.0022 | ||
| 100 | _aPatil, Arundhati Suryakant | ||
| 245 | _aanalytical study of child sexual abuse in Beed district | ||
| 260 |
_aNew Delhi : _bIndian Council of Social Science Researh, _c©2011 |
||
| 300 | _a65p. | ||
| 650 | _aChild sexual abuse | ||
| 650 | _aChild molestation | ||
| 650 | _aSexual abuse of children | ||
| 942 |
_2ddc _cRP |
||